000 00330cam a2200145ua 4500
041 _aeng
_h
082 _a828.09
_bMUL/ST
100 _aMullik, B.R.
245 _aStudies in Poets /
_cB R Mullik.
_hTextual Documents
260 _a :
_bColeridge ,
_c1963.
300 _a59 ; .
504 _a
942 _cBK
999 _c3386
_d3386